Statistics for All Too Well (10 Minute Version) p.1

Click here to take the quiz!

General Stats

  • This quiz has been taken 10 times
  • The average score is 309 of 364

Answer Stats

Answer% Correct
a
100%
car,
100%
car
100%
keys,
100%
me
100%
the
100%
To
100%
to
100%
town
100%
we
100%
were
100%
we're
100%
where
100%
about
88%
After
88%
after
88%
again
88%
all
88%
almost
88%
an
88%
And
88%
and
88%
are
88%
at
88%
ball
88%
be
88%
'bout
88%
but
88%
But
88%
called
88%
can
88%
'cause
88%
'Cause
88%
come
88%
could
88%
days
88%
do
88%
Down
88%
down
88%
drawer,
88%
enough
88%
even
88%
felt
88%
for
88%
forget
88%
frame
88%
"Fuck
88%
future
88%
gonna
88%
got
88%
grave
88%
held
88%
home
88%
house
88%
I
88%
I'm
88%
in
88%
it
88%
it's
88%
kept
88%
kitchen
88%
know
88%
left
88%
lifeless
88%
like
88%
little
88%
long
88%
lookin'
88%
love,"
88%
months
88%
my
88%
never
88%
no
88%
nobody
88%
not
88%
nothing
88%
now
88%
oath
88%
on
88%
over
88%
past,
88%
patriarchy"
88%
red
88%
refrigerator
88%
remember
88%
say
88%
scarf
88%
secret,
88%
shame
88%
sister's
88%
somehow
88%
somethin'
88%
stairs,
88%
still
88%
stories
88%
team
88%
that
88%
then
88%
there
88%
these
88%
thinkin'
88%
three
88%
too
88%
tossing
88%
was
88%
well
88%
when
88%
why
88%
with
88%
You
88%
you,
88%
you
88%
Your
88%
your
88%
you've
88%
air
75%
always
75%
Autumn
75%
back
75%
bed
75%
'bout
75%
cold
75%
dancin'
75%
disposition
75%
door
75%
else
75%
eyed
75%
fallin'
75%
fine
75%
gaze
75%
getting
75%
glasses
75%
gone
75%
had
75%
hair,
75%
He's
75%
into
75%
leaves
75%
light
75%
lost
75%
might
75%
mother's
75%
needed
75%
Oh,
75%
Oh, oh, oh
75%
picture
75%
ran
75%
reached
75%
singin'
75%
sized
75%
skippin'
75%
street
75%
swear
75%
sweet
75%
tee
75%
tellin'
75%
thinking
75%
through
75%
turnin'
75%
upstate
75%
used
75%
walked
75%
what
75%
wide
75%
Wind
75%
album
63%
as
63%
buried
63%
Check
63%
cheeks
63%
counter,
63%
dead
63%
drive
63%
ground,
63%
here
63%
Keychain
63%
kid
63%
magic's
63%
middle
63%
more
63%
night
63%
of
63%
okay,
63%
Photo
63%
pieces
63%
place
63%
prayer
63%
'round
63%
same
63%
swearin'
63%
twin
63%
we'd
63%
went
63%
pulse
50%
Sacred
50%
taught
50%
'Til
50%
"Anytime
38%
wondered
38%

Score Distribution

Percentile by Number Answered

Percent of People with Each Score

Your Score History

You have not taken this quiz